000 00771nam a2200241 i 4500
001 C2-0221996
003 PPAK
005 20180728151343.0
008 991207s1970 my a|||| ||||| | zxx d
040 _aPPAK
_beng
_cPPAK
_erda
082 0 4 _a351.7146
_223
090 0 0 _a351.7146
_bPEN
_dKWI
110 2 _aPengarah Arkib Negara
245 0 0 _aPenyata tahunan bagi Arkib Negara Malaysia 1969 =
_bAnnual report on the National Archives of Malaysia
264 1 _aKuala Lumpur :
_bArkib Negara Malaysia ,
_c1970
300 _aiv, 79 pages :
_billustrations ;
_c24 cm
336 _2rdacontent
_atext
337 _2rdamedia
_aunmediated
338 _2rdacarrier
_avolume
650 1 0 _aCorporation reports
710 2 _aPengarah Arkib Negara
_eorganizer
942 _ddc
_cB
999 _c143469
_d143469